| 000 | 00972nam a22003257a 4500 | ||
|---|---|---|---|
| 001 | 11948003 | ||
| 003 | OSt | ||
| 005 | 20140310181715.0 | ||
| 008 | 991220s1998 ph a b f001 0beng | ||
| 010 | _a 99919478 | ||
| 020 | _a9715381065 | ||
| 035 | _a(DLC) 99919478 | ||
| 037 |
_bLibrary of Congress -- Jakarta Overseas Office _cP395.00 |
||
| 040 |
_aDLC _cDLC |
||
| 042 | _alcode | ||
| 050 | 0 | 0 |
_aDS 676 _b.M266 1998 |
| 082 |
_aFIL 92 _bM31 1988 |
||
| 100 | 1 | _aManalo, Ino. | |
| 245 | 1 | 0 |
_aHome of independence, Emilio Aguinaldo house : _bKawit, Cavite / _cIno Manalo. |
| 246 | 3 | 0 | _aEmilio Aguinaldo house |
| 260 |
_aManila : _bNational Historical Institute, _c1998. |
||
| 300 |
_a60 p. : _bill. (some col.) ; _c23 cm. |
||
| 504 | _aIncludes bibliographical references (p. 58) and index. | ||
| 521 | _a | ||
| 541 | _j1 | ||
| 562 | _e1 | ||
| 906 |
_a7 _bcbc _corigode _d4 _encip _f19 _gy-gencatlg |
||
| 942 |
_2lcc _cBK-FIL _kFIL |
||
| 999 |
_c1720 _d1720 |
||